| 000 | 00590nam a2200241Ia 4500 | ||
|---|---|---|---|
| 003 | OSt | ||
| 005 | 20221005132156.0 | ||
| 006 | a|||||r|||| 00| 0 | ||
| 007 | ta | ||
| 008 | 221004b |||||||| |||| 00| 0 tam d | ||
| 024 | _a47311 | ||
| 037 | _cTextual | ||
| 040 |
_aCRL _cCRL _btam |
||
| 041 |
_2tam _atam |
||
| 082 | _aNW, 31M2 | ||
| 100 |
_aRamasami Au. _9640694 |
||
| 245 | 0 | _aThampikku t thiraippadam | |
| 260 | _c1982 | ||
| 300 |
_a59p. _ccm. |
||
| 650 |
_aMOTION PICTURES _927571 |
||
| 942 |
_hNW, 31M2 _cTEXL _2cc |
||
| 999 |
_c1062648 _d1062648 |
||